000
00305nam a22001337a 4500
008
180927b xxu||||| |||| 00| 0 eng d
020
_a
9780198661320
041
_a
eng
080
_a
101
100
_a
24
101
_a
FIL
245
_a
The oxford companion to philosophy
_c
Honderich,T
942
_2
udc
_c
BK
999
_c
48565
_d
48565